[Event "NRW Verbandsliga Group2 1314"]
[Site "Nordrheinwestfalen"]
[Date "2014.02.09"]
[Round "7.8"]
[White "Pientka, Roman"]
[Black "Buechle, Regina"]
[Result "1/2-1/2"]
[WhiteElo "1727"]
[BlackElo "1828"]
[PlyCount "160"]
[EventDate "2013.09.08"]
[EventType "team-tourn"]
[EventRounds "9"]
[EventCountry "GER"]
[SourceTitle "EXT 2020"]
[Source "ChessBase"]
[SourceDate "2019.10.17"]
[SourceVersion "1"]
[SourceVersionDate "2019.10.17"]
[SourceQuality "1"]
[WhiteTeam "Recklinghausen Laeufer Ost"]
[BlackTeam "Wattenscheid SV IV"]
[WhiteTeamCountry "GER"]
[BlackTeamCountry "GER"]

1. e4 c5 2. Nf3 d6 3. Bc4 e6 4. Nc3 Nc6 5. 0-0 Nf6 6. Re1 Be7 7. d4 cxd4 8. Nxd4 a6 9. Nxc6 bxc6 10. e5 dxe5 11. Qxd8+ Bxd8 12. Rxe5 0-0 13. Re1 Nd5 14. Ne4 Be7 15. Bb3 Rd8 16. Bg5 f6 17. Bd2 a5 18. Nc3 Kf7 19. Rad1 Nxc3 20. Bxc3 Rxd1 21. Rxd1 a4 22. Bc4 Ba6 23. Bxa6 Rxa6 24. Rd7 Ke8 25. Rb7 c5 26. Kf1 g5 27. a3 h5 28. Rb8+ Kf7 29. Rh8 h4 30. Rh7+ Ke8 31. Ke2 Kf8 32. Ke3 Ke8 33. h3 Bd8 34. Rh8+ Kd7 35. Rh6 Be7 36. Rh7 Kd6 37. f4 Ra8 38. fxg5 fxg5 39. Rf7 Rg8 40. Ke4 g4 41. Be5+ Kd7 42. hxg4 Rxg4+ 43. Kf3 Rg6 44. Rg7 Rh6 45. Rg4 h3 46. gxh3 Rxh3+ 47. Kg2 Re3 48. Bc3 Re2+ 49. Kf3 Rxc2 50. Rxa4 Kd6 51. Re4 Rc1 52. Ke2 Kd5 53. Re5+ Kd6 54. Rh5 Kc6 55. Kd3 Rg1 56. Kc4 Rg4+ 57. Kb3 Rg3 58. Kc2 Rg2+ 59. Kd3 Rg4 60. Ke3 Bd6 61. Rh3 Rg3+ 62. Rxg3 Bxg3 63. Ke4 Bh2 64. Be5 Bg1 65. Bf4 Bd4 66. b3 Bb2 67. a4 Bc3 68. Be5 Be1 69. Kd3 Ba5 70. Bc3 Bc7 71. Ke4 Bg3 72. Kf3 Bc7 73. Kg4 Kd5 74. Kg5 e5 75. Kf5 e4 76. a5 Bb8 77. Kg4 Kc6 78. Kf5 Kd5 79. Kg4 Kc6 80. Kf5 Kd5 1/2-1/2

[Event "Ruhrgebiet VK2 1112"]
[Site "Nordrheinwestfalen"]
[Date "2012.01.08"]
[Round "5.1"]
[White "Breidenbach, Olaf"]
[Black "Pientka, Roman"]
[Result "1/2-1/2"]
[WhiteElo "1967"]
[BlackElo "1721"]
[PlyCount "134"]
[EventDate "2012.09.18"]
[EventType "team-tourn"]
[EventRounds "9"]
[EventCountry "GER"]
[SourceTitle "EXT 2020"]
[Source "ChessBase"]
[SourceDate "2019.10.17"]
[SourceVersion "1"]
[SourceVersionDate "2019.10.17"]
[SourceQuality "1"]
[WhiteTeam "Marten Boevinghausen"]
[BlackTeam "Recklinghausen Laeufer Ost II"]
[WhiteTeamCountry "GER"]
[BlackTeamCountry "GER"]

1. Nf3 d5 2. d4 Nf6 3. g3 e6 4. Bg2 Be7 5. 0-0 0-0 6. c4 Nbd7 7. Qc2 Ne4 8. Nbd2 f5 9. b3 Ndf6 10. a4 Bd7 11. Bb2 Rc8 12. c5 c6 13. Ne5 Nxd2 14. Qxd2 Be8 15. f3 Nd7 16. Nxd7 Bxd7 17. b4 a6 18. Bc3 Bg5 19. Qd3 f4 20. Bd2 Qf6 21. gxf4 Bxf4 22. Bxf4 Qxf4 23. e3 Qh4 24. f4 Rf6 25. Rf3 Rg6 26. Qd2 Rf8 27. Qe1 Qh5 28. Rg3 Rff6 29. Qd1 Qh4 30. Qf3 Qh6 31. Rh3 Rxg2+ 32. Qxg2 Qg6 33. Qxg6 Rxg6+ 34. Rg3 Rf6 35. Kf2 Be8 36. Rag1 Bg6 37. h4 Rf7 38. Rxg6 hxg6 39. Rxg6 Re7 40. Kf3 Kf7 41. h5 Re8 42. Rg1 Rh8 43. Kg4 g6 44. hxg6+ Kxg6 45. Rb1 Rh7 46. b5 axb5 47. axb5 Kf6 48. b6 Rg7+ 49. Kf3 Kf5 50. Rh1 Rg8 51. Rh6 Re8 52. Rh5+ Kg6 53. Re5 Kf6 54. f5 Re7 55. Rxe6+ Rxe6 56. fxe6 Kxe6 57. e4 dxe4+ 58. Kxe4 Kd7 59. Kf5 Kc8 60. Ke6 Kd8 61. Kd6 Kc8 62. d5 cxd5 63. Kxd5 Kd7 64. Kc4 Kc8 65. Kb5 Kb8 66. c6 bxc6+ 67. Kxc6 Kc8 1/2-1/2

[Event "Ruhrgebiet VK2 1112"]
[Site "Nordrheinwestfalen"]
[Date "2011.12.11"]
[Round "4"]
[White "Pientka, Roman"]
[Black "Nattermueller, Irina"]
[Result "0-1"]
[WhiteElo "1721"]
[BlackElo "2051"]
[PlyCount "124"]
[EventDate "2012.09.18"]
[EventType "team-tourn"]
[EventRounds "9"]
[EventCountry "GER"]
[SourceTitle "EXT 2020"]
[Source "ChessBase"]
[SourceDate "2019.10.17"]
[SourceVersion "1"]
[SourceVersionDate "2019.10.17"]
[SourceQuality "1"]
[WhiteTeam "Recklinghausen Laeufer Ost II"]
[BlackTeam "Ahlen SV II"]
[WhiteTeamCountry "GER"]
[BlackTeamCountry "GER"]

1. e4 c5 2. Nf3 e6 3. d4 cxd4 4. Nxd4 Nf6 5. Bd3 d6 6. Nc3 Be7 7. 0-0 0-0 8. Be3 Nc6 9. Nb3 a6 10. a4 Re8 11. f4 e5 12. fxe5 Nxe5 13. h3 Be6 14. Nd4 Rc8 15. Qe2 Qc7 16. Nxe6 fxe6 17. a5 Nc4 18. Bxc4 Qxc4 19. Qd3 d5 20. Ra4 Qc6 21. Rfa1 dxe4 22. Nxe4 Nxe4 23. Rxe4 Qxc2 24. Qxc2 Rxc2 25. Rxe6 Rxb2 26. Re1 Rc2 27. Kh1 Rc7 28. Bb6 Rd7 29. g4 Kf7 30. Kg2 Rc8 31. R6e2 h6 32. Rf1+ Kg6 33. Rf3 Bf6 34. Kg3 Rc3 35. Ree3 Rxe3 36. Rxe3 Kf7 37. Kf3 Bg5 38. Rb3 Ke6 39. Bf2 Rf7+ 40. Ke2 Kd5 41. Bb6 Kc4 42. Rb1 Rd7 43. Kf3 Rd3+ 44. Kg2 Bd2 45. Rf1 Rd7 46. Rf5 Bg5 47. Rc5+ Kd3 48. Rf5 Ke4 49. Rf2 Rd2 50. Rxd2 Bxd2 51. Kg3 Be1+ 52. Kg2 Bc3 53. h4 g6 54. Bc7 Kd5 55. Kf3 Kc6 56. Bf4 h5 57. gxh5 gxh5 58. Bg5 Bxa5 59. Bf6 Bd2 60. Ke4 b5 61. Kd3 Be1 62. Ke4 b4 0-1

[Event "Ruhrgebiet VK2 1112"]
[Site "Nordrheinwestfalen"]
[Date "2011.10.09"]
[Round "2"]
[White "Pientka, Roman"]
[Black "Labuda, Markus"]
[Result "1/2-1/2"]
[WhiteElo "1721"]
[BlackElo "1940"]
[PlyCount "44"]
[EventDate "2012.09.18"]
[EventType "team-tourn"]
[EventRounds "9"]
[EventCountry "GER"]
[SourceTitle "EXT 2020"]
[Source "ChessBase"]
[SourceDate "2019.10.17"]
[SourceVersion "1"]
[SourceVersionDate "2019.10.17"]
[SourceQuality "1"]
[WhiteTeam "Recklinghausen Laeufer Ost II"]
[BlackTeam "Oberhausen SV III"]
[WhiteTeamCountry "GER"]
[BlackTeamCountry "GER"]

1. e4 e6 2. d4 d5 3. Nc3 Nf6 4. Bg5 Be7 5. e5 Nfd7 6. Bxe7 Qxe7 7. f4 a6 8. Nf3 c5 9. Qd2 Nc6 10. Ne2 0-0 11. c3 f6 12. Ng3 b5 13. Rc1 Bb7 14. Bd3 Rac8 15. 0-0 cxd4 16. cxd4 f5 17. Nh1 Nb6 18. b3 h6 19. Nf2 Qa3 20. Bb1 Rc7 21. Nd3 Rfc8 22. Rc2 a5 1/2-1/2